[Event "GER-chT Federal Cup (Women)"]
[Site "Braunfels"]
[Date "2022.06.17"]
[Round "3.31"]
[White "Schilay, Maria"]
[Black "Kosovska, Olena"]
[Result "0-1"]
[WhiteElo "1568"]
[BlackElo "1827"]
[PlyCount "68"]
[EventDate "2022.06.15"]
[EventType "team-swiss"]
[EventRounds "5"]
[EventCountry "GER"]
[SourceTitle "EXT 2023"]
[Source "ChessBase"]
[SourceDate "2022.10.05"]
[SourceVersion "1"]
[SourceVersionDate "2022.10.05"]
[SourceQuality "1"]

1. e4 c5 2. Nc3 a6 3. g3 Nc6 4. Bg2 d6 5. d3 Nf6 6. h3 e6 7. Be3 Be7 8. Nge2 Rb8 9. 0-0 b5 10. f4 Bb7 11. d4 b4 12. Nb1 0-0 13. Nd2 Qc7 14. Nb3 Rfd8 15. Qe1 c4 16. Nd2 Na7 17. c3 bxc3 18. Nxc3 Ba8 19. Rb1 Nb5 20. Qc1 Rbc8 21. e5 dxe5 22. dxe5 Nd5 23. Nde4 Nxe3 24. Qxe3 Rd3 25. Qc1 Nxc3 26. bxc3 Qa5 27. Kh2 Rcd8 28. Rb2 Ba3 29. Rff2 Bxe4 30. Bxe4 Rxc3 31. Qb1 Bxb2 32. Rxb2 g6 33. Rg2 Re3 34. Qc2 c3 0-1

[Event "GER-chT Federal Cup (Women)"]
[Site "Braunfels"]
[Date "2022.06.16"]
[Round "1.30"]
[White "Schilay, Maria"]
[Black "Werner, Rosalie"]
[Result "0-1"]
[WhiteElo "1568"]
[BlackElo "1712"]
[PlyCount "54"]
[EventDate "2022.06.15"]
[EventType "team-swiss"]
[EventRounds "5"]
[EventCountry "GER"]
[SourceTitle "EXT 2023"]
[Source "ChessBase"]
[SourceDate "2022.10.05"]
[SourceVersion "1"]
[SourceVersionDate "2022.10.05"]
[SourceQuality "1"]

1. e4 e6 2. d4 d5 3. Nd2 Nf6 4. e5 Nfd7 5. Bd3 c5 6. c3 Nc6 7. Ne2 cxd4 8. cxd4 f6 9. exf6 Nxf6 10. Nf3 Bd6 11. Bf4 Bxf4 12. Nxf4 Qa5+ 13. Qd2 Qxd2+ 14. Kxd2 0-0 15. Rhe1 Ne4+ 16. Ke3 Nxf2 17. g3 Nxd3 18. Kxd3 h6 19. Nd2 Rf6 20. Re2 Kf7 21. a3 b6 22. Kc3 Ba6 23. Re3 Rc8 24. Nb3 Na5+ 25. Kd2 Nc4+ 26. Ke2 Nxe3+ 27. Kxe3 Rc2 0-1

[Event "GER-ch Youth-B"]
[Site "Willingen"]
[Date "2022.06.10"]
[Round "8"]
[White "Rotaermel, Leonie"]
[Black "Schilay, Maria"]
[Result "1/2-1/2"]
[WhiteElo "1486"]
[BlackElo "1568"]
[PlyCount "103"]
[EventDate "2022.06.04"]
[EventType "swiss"]
[EventRounds "9"]
[EventCountry "GER"]
[SourceTitle "CBM 208 Extra"]
[Source "ChessBase"]
[SourceDate "2022.07.31"]
[SourceVersion "1"]
[SourceVersionDate "2022.07.31"]
[SourceQuality "1"]

1. e4 e5 2. Nf3 Nc6 3. Bc4 Nf6 4. Ng5 d5 5. exd5 Nd4 6. c3 b5 7. Bf1 Nxd5 8. cxd4 Qxg5 9. Bxb5+ Bd7 10. Bxd7+ Kxd7 11. 0-0 Bd6 12. Qf3 Nf6 13. d3 Qg6 14. d5 Rhe8 15. Nc3 e4 16. dxe4 Nxe4 17. Bf4 Bxf4 18. Qxf4 Nxc3 19. bxc3 Re4 20. Qf3 Rae8 21. Qd3 Qb6 22. Qh3+ Kd8 23. Qxh7 Qf6 24. Qh3 Rh4 25. Qg3 Ree4 26. Rfe1 a6 27. Rab1 Rhg4 28. Qh3 Rxe1+ 29. Rxe1 Rh4 30. Qe3 Rh8 31. Qe5 Qxe5 32. Rxe5 Kd7 33. g3 Kd6 34. f4 f6 35. Re6+ Kxd5 36. Rxa6 Rb8 37. Kg2 Rb2+ 38. Kh3 Rc2 39. Ra3 Kc4 40. Ra7 c5 41. a4 Rxc3 42. Rxg7 Ra3 43. Rf7 Rxa4 44. Rxf6 Kd3 45. f5 Rd4 46. Rc6 c4 47. f6 Rd8 48. f7 Rf8 49. Rc7 c3 50. Kg4 c2 51. Kg5 Rxf7 52. Rc6 1/2-1/2

[Event "GER-ch Youth-B"]
[Site "Willingen"]
[Date "2022.06.08"]
[Round "6"]
[White "Schilay, Maria"]
[Black "Wechtenbruch, Jamie"]
[Result "1/2-1/2"]
[WhiteElo "1568"]
[BlackElo "1489"]
[PlyCount "90"]
[EventDate "2022.06.04"]
[EventType "swiss"]
[EventRounds "9"]
[EventCountry "GER"]
[SourceTitle "CBM 208 Extra"]
[Source "ChessBase"]
[SourceDate "2022.07.31"]
[SourceVersion "1"]
[SourceVersionDate "2022.07.31"]
[SourceQuality "1"]

1. e4 e5 2. Nf3 Nc6 3. Nc3 Nf6 4. a3 Bc5 5. Nxe5 Nxe5 6. d4 Bxd4 7. Qxd4 Nc6 8. Qd3 d6 9. Bg5 Be6 10. f4 Qe7 11. 0-0-0 0-0-0 12. Qe3 h6 13. Bh4 Kb8 14. h3 a6 15. g3 Rde8 16. Bg2 Bc8 17. Rhe1 Qf8 18. Bxf6 gxf6 19. Qd3 Rd8 20. Nd5 Qg7 21. Qc3 Rhg8 22. Nxf6 Qxg3 23. Nxg8 Qxf4+ 24. Qd2 Qxd2+ 25. Rxd2 Rxg8 26. Rf1 Ne5 27. Rf6 Rh8 28. Rdf2 Be6 29. Bf1 h5 30. Rh2 Kc8 31. Be2 Kd7 32. Rff2 Ke7 33. Rfg2 Kf6 34. h4 Ng4 35. Rh1 Ke5 36. Bd3 c5 37. c4 Rh6 38. Kd2 Kd4 39. b3 Rf6 40. Re1 Rf3 41. Bc2 Rh3 42. Ree2 Ke5 43. Re1 b6 44. a4 a5 45. Rgg1 Rxh4 1/2-1/2

[Event "GER-ch Youth-B"]
[Site "Willingen"]
[Date "2022.06.07"]
[Round "4"]
[White "Schilay, Maria"]
[Black "Masur, Maxim"]
[Result "1-0"]
[WhiteElo "1568"]
[BlackElo "1428"]
[PlyCount "61"]
[EventDate "2022.06.04"]
[EventType "swiss"]
[EventRounds "9"]
[EventCountry "GER"]
[SourceTitle "CBM 208 Extra"]
[Source "ChessBase"]
[SourceDate "2022.07.31"]
[SourceVersion "1"]
[SourceVersionDate "2022.07.31"]
[SourceQuality "1"]

1. e4 e5 2. Nf3 Nc6 3. Nc3 Nf6 4. a3 d6 5. h3 Be7 6. d4 exd4 7. Nxd4 0-0 8. Be3 Re8 9. Bc4 Ne5 10. Ba2 Bf8 11. f4 Ng6 12. Qd3 c6 13. 0-0-0 Qc7 14. g4 b5 15. g5 Nd7 16. Nxc6 Bb7 17. Nb4 Nc5 18. Bxc5 dxc5 19. Nbd5 Bxd5 20. Nxd5 Qb7 21. h4 c4 22. Qf3 b4 23. axb4 Bxb4 24. Bxc4 Rab8 25. h5 Qc6 26. hxg6 Qxc4 27. gxf7+ Kxf7 28. Qh5+ Kf8 29. g6 Rbc8 30. Qf5+ Kg8 31. Qf7+ 1-0

[Event "GER-ch Youth-B"]
[Site "Willingen"]
[Date "2022.06.06"]
[Round "3"]
[White "Fellberg, Justus"]
[Black "Schilay, Maria"]
[Result "1/2-1/2"]
[WhiteElo "1262"]
[BlackElo "1568"]
[PlyCount "132"]
[EventDate "2022.06.04"]
[EventType "swiss"]
[EventRounds "9"]
[EventCountry "GER"]
[SourceTitle "CBM 208 Extra"]
[Source "ChessBase"]
[SourceDate "2022.07.31"]
[SourceVersion "1"]
[SourceVersionDate "2022.07.31"]
[SourceQuality "1"]

1. e4 e5 2. Nf3 Nc6 3. d4 exd4 4. Bc4 Nf6 5. 0-0 d6 6. Ng5 Ne5 7. Qxd4 Nxc4 8. Qxc4 Qe7 9. Nc3 Be6 10. Nxe6 fxe6 11. Bg5 c6 12. Rfe1 Qf7 13. Rad1 Be7 14. Qb4 Rb8 15. Qd4 e5 16. Qxa7 0-0 17. Bxf6 Qxf6 18. Qe3 Rf7 19. Kh1 Qxf2 20. Qxf2 Rxf2 21. Re2 Rbf8 22. Kg1 Rxe2 23. Nxe2 Kf7 24. Rf1+ Ke6 25. Rxf8 Bxf8 26. c4 Be7 27. Nc3 Bg5 28. Kf2 Bd2 29. Na4 Ba5 30. b3 b5 31. cxb5 cxb5 32. Nb2 Bc3 33. Nd3 b4 34. Ke2 Kd7 35. Nf2 Kc6 36. h3 Kc5 37. Kd3 g6 38. Ng4 Bd4 39. Nf6 h6 40. Ng8 h5 41. Ne7 g5 42. Ng8 Bb2 43. Nf6 h4 44. Nd7+ Kb5 45. Nf6 Kc5 46. Nd7+ Kb5 47. Nf8 Bc1 48. Ne6 Bf4 49. Nf8 Bc1 50. Nh7 Kc5 51. Nf6 Bb2 52. Ng4 Bc1 53. Nh2 Bf4 54. Nf3 Kb5 55. Ne1 Kc5 56. Nc2 Bc1 57. Ke2 Bf4 58. a4 bxa3 59. Nxa3 Kb4 60. Nc4 Kxb3 61. Nxd6 Kc3 62. Kf3 Kd3 63. Nf5 Kd2 64. Nh6 Kd3 65. Ng4 Kd4 66. Nf6 Kd3 1/2-1/2

[Event "GER-chT Federal Cup (Women)"]
[Site "Braunfels"]
[Date "2021.10.24"]
[Round "5.36"]
[White "Bazzazi, Elnaz"]
[Black "Schilay, Maria"]
[Result "1-0"]
[WhiteElo "1733"]
[BlackElo "1549"]
[PlyCount "93"]
[EventDate "2021.10.19"]
[EventType "team-tourn"]
[EventRounds "5"]
[EventCountry "GER"]
[SourceTitle "CBM 204 Extra"]
[Source "ChessBase"]
[SourceDate "2021.11.30"]
[SourceVersion "1"]
[SourceVersionDate "2021.11.30"]
[SourceQuality "1"]

1. e4 e5 2. Nf3 Nc6 3. Nc3 Nf6 4. d4 exd4 5. Nd5 h6 6. Nxd4 Bc5 7. Nf5 0-0 8. Qf3 d6 9. Nxf6+ Qxf6 10. Nxh6+ Kh7 11. Qxf6 gxf6 12. f3 Be6 13. Nf5 Bxf5 14. exf5 Rae8+ 15. Kd1 Re7 16. c3 Rfe8 17. Bd2 Kg7 18. Bb5 Re5 19. g4 Bf2 20. Rf1 Bh4 21. Bd3 Nb8 22. f4 R5e7 23. Kc2 Nd7 24. b4 d5 25. Rf3 c6 26. Raf1 Be1 27. Rxe1 Rxe1 28. Bxe1 Rxe1 29. a4 a6 30. a5 c5 31. Kd2 Rg1 32. h3 Rg2+ 33. Be2 Rg1 34. Rd3 cxb4 35. cxb4 Rb1 36. Rxd5 Nb8 37. b5 Ra1 38. bxa6 bxa6 39. Rc5 Ra4 40. Ke3 Ra3+ 41. Bd3 Nd7 42. Rd5 Nb8 43. Rd6 Rc3 44. Kd2 Rc5 45. Rb6 Nd7 46. Rd6 Nb8 47. g5 1-0

[Event "GER-chT Federal Cup (Women)"]
[Site "Braunfels"]
[Date "2021.10.22"]
[Round "3.29"]
[White "Schilay, Maria"]
[Black "Kosovska, Olena"]
[Result "1-0"]
[WhiteElo "1549"]
[BlackElo "1881"]
[PlyCount "75"]
[EventDate "2021.10.19"]
[EventType "team-tourn"]
[EventRounds "5"]
[EventCountry "GER"]
[SourceTitle "CBM 204 Extra"]
[Source "ChessBase"]
[SourceDate "2021.11.30"]
[SourceVersion "1"]
[SourceVersionDate "2021.11.30"]
[SourceQuality "1"]

1. e4 c5 2. Nc3 d6 3. g3 Nc6 4. Bg2 g6 5. d3 Bg7 6. Be3 Nf6 7. h3 e6 8. Qd2 Nd4 9. Nge2 e5 10. f4 Bd7 11. 0-0 0-0 12. g4 Bxg4 13. hxg4 Nxg4 14. Bf2 exf4 15. Nxf4 Qg5 16. Rad1 Bh6 17. Bg3 Ne5 18. Qf2 Nxc2 19. Ncd5 Bg7 20. Nh3 Qg4 21. Bxe5 Bxe5 22. Qxc2 Qg3 23. Rf3 Bd4+ 24. Kf1 Qe5 25. Nf6+ Kh8 26. Nd7 Qh2 27. Nxf8 Rxf8 28. Nf2 g5 29. Qe2 g4 30. Rf5 h5 31. Qd2 Bg7 32. Qg5 h4 33. Nxg4 Qg3 34. Qh5+ Kg8 35. Nh6+ Bxh6 36. Qxh6 f6 37. Rxf6 Rxf6+ 38. Qxf6 1-0

[Event "GER-ch U18 Girls"]
[Site "Willingen"]
[Date "2021.08.28"]
[Round "8"]
[White "Zell, Hannah"]
[Black "Schilay, Maria"]
[Result "1/2-1/2"]
[WhiteElo "1614"]
[BlackElo "1481"]
[PlyCount "41"]
[EventDate "2021.08.22"]
[EventType "swiss"]
[EventRounds "9"]
[EventCountry "GER"]
[SourceTitle "EXT 2022"]
[Source "ChessBase"]
[SourceDate "2021.10.06"]
[SourceVersion "1"]
[SourceVersionDate "2021.10.06"]
[SourceQuality "1"]

1. e4 e5 2. Nf3 Nc6 3. Bb5 a6 4. Ba4 b5 5. Bb3 Nf6 6. 0-0 Be7 7. Re1 Bb7 8. c3 0-0 9. d4 exd4 10. cxd4 d6 11. Nbd2 h6 12. Nf1 Na5 13. Bc2 c5 14. Ng3 Re8 15. d5 Nc4 16. Bd3 Nb6 17. h3 Bf8 18. Nh2 Nbd7 19. f4 c4 20. Bc2 Nc5 21. Nf3 1/2-1/2

[Event "GER-chT Christmas U20 Girls"]
[Site "Playchess.com INT"]
[Date "2020.12.29"]
[Round "2.1"]
[White "Schilay, Maria"]
[Black "Werner, Rosalie"]
[Result "1-0"]
[WhiteElo "1448"]
[BlackElo "1751"]
[PlyCount "41"]
[EventDate "2020.12.29"]
[EventType "team-swiss (blitz)"]
[EventRounds "7"]
[EventCountry "GER"]
[SourceTitle "CBM 200 Extra"]
[Source "ChessBase"]
[SourceDate "2021.03.31"]
[SourceVersion "1"]
[SourceVersionDate "2021.03.31"]
[SourceQuality "1"]
[WhiteTeam "Vaterstetten Grasbrunn"]
[BlackTeam "Offenbach"]
[WhiteTeamCountry "GER"]
[BlackTeamCountry "GER"]

1. e4 c5 2. Nc3 g6 3. g3 Bg7 4. Bg2 Nc6 5. d3 e6 6. Be3 d6 7. Qd2 Nge7 8. Nge2 a6 9. Bh6 0-0 10. h4 b5 11. h5 f5 12. Bxg7 Kxg7 13. hxg6 hxg6 14. Qh6+ Kf6 15. Nf4 Bd7 16. Nh5+ Kf7 17. Qg7+ Ke8 18. Nf6+ Rxf6 19. Rh8+ Ng8 20. Rxg8+ Rf8 21. Qxf8# 1-0

[Event "GER-chT U20 Girls"]
[Site "Braunschweig"]
[Date "2019.12.28"]
[Round "3.6"]
[White "Schilay, Maria"]
[Black "Schiewe, Nadine"]
[Result "0-1"]
[WhiteElo "1450"]
[BlackElo "1629"]
[PlyCount "92"]
[EventDate "2019.12.27"]
[EventType "team-swiss"]
[EventRounds "7"]
[EventCountry "GER"]
[SourceTitle "CBM 194 Extra"]
[Source "ChessBase"]
[SourceDate "2020.03.31"]
[SourceVersion "1"]
[SourceVersionDate "2020.03.31"]
[SourceQuality "1"]
[WhiteTeam "Erlangen 48/88"]
[BlackTeam "Leegebruch"]
[WhiteTeamCountry "GER"]
[BlackTeamCountry "GER"]

1. e4 d5 2. exd5 Qxd5 3. Nc3 Qa5 4. Bc4 Nf6 5. d3 c6 6. Bd2 Qc7 7. Qe2 Bf5 8. h3 h6 9. g4 Bh7 10. f4 Nbd7 11. Nf3 Nb6 12. Bb3 Nfd5 13. Qe5 Qxe5+ 14. Nxe5 f6 15. Nf3 0-0-0 16. 0-0-0 Nxc3 17. Bxc3 Nd5 18. Bd2 e6 19. Nd4 Bg8 20. Rde1 Nxf4 21. Nxe6 Nxe6 22. Bxe6+ Bxe6 23. Rxe6 Bd6 24. Rhe1 Kd7 25. c4 Be5 26. R6xe5 fxe5 27. Rxe5 Rde8 28. Bc3 Rxe5 29. Bxe5 Rf8 30. Bxg7 Rf3 31. h4 Rxd3 32. Bxh6 Rd4 33. b3 Rxg4 34. Bg5 Rg2 35. Kb1 Rh2 36. Ka1 Ke6 37. Kb1 Ke5 38. Kc1 Kd4 39. Kb1 Kc3 40. Bf6+ Kb4 41. Ka1 c5 42. Kb1 Ka3 43. Bg5 Rxa2 44. h5 Rh2 45. h6 Kxb3 46. Kc1 Kxc4 0-1

[Event "GER-chT U20 Girls"]
[Site "Braunschweig"]
[Date "2019.12.27"]
[Round "1.4"]
[White "Schilay, Maria"]
[Black "Fock, Amina"]
[Result "0-1"]
[WhiteElo "1450"]
[BlackElo "1807"]
[PlyCount "74"]
[EventDate "2019.12.27"]
[EventType "team-swiss"]
[EventRounds "7"]
[EventCountry "GER"]
[SourceTitle "CBM 194 Extra"]
[Source "ChessBase"]
[SourceDate "2020.03.31"]
[SourceVersion "1"]
[SourceVersionDate "2020.03.31"]
[SourceQuality "1"]
[WhiteTeam "Erlangen 48/88"]
[BlackTeam "Nordhorn Blanke"]
[WhiteTeamCountry "GER"]
[BlackTeamCountry "GER"]

1. e4 c5 2. Nc3 d6 3. g3 g6 4. Bg2 Bg7 5. d3 Nc6 6. Be3 Rb8 7. Qd2 b5 8. Nge2 e6 9. f4 b4 10. Nd1 Nd4 11. 0-0 Ne7 12. Rb1 Qa5 13. Nf2 Nxe2+ 14. Qxe2 Qxa2 15. Ra1 Qxb2 16. Rxa7 Nc6 17. Ra4 Bd7 18. Ra6 b3 19. Rc1 Nd4 20. Qd2 Nxc2 21. e5 Qxc1+ 22. Qxc1 Nxe3 23. Qb2 dxe5 24. fxe5 0-0 25. Ra3 Nxg2 26. Kxg2 Bxe5 27. Qb1 b2 28. Nd1 Bc6+ 29. Kh3 Ra8 30. Rxa8 Rxa8 31. Nxb2 Rb8 32. Qc2 Rxb2 33. Qxc5 Bg2+ 34. Kg4 h5+ 35. Kg5 Bg7 36. Kf4 e5+ 37. Kg5 Kh7 0-1

[Event "GER-ch U25-B"]
[Site "Willingen"]
[Date "2019.06.14"]
[Round "8"]
[White "Kovac, Linda"]
[Black "Schilay, Maria"]
[Result "1/2-1/2"]
[WhiteElo "1718"]
[BlackElo "1415"]
[PlyCount "88"]
[EventDate "2019.06.08"]
[EventType "swiss"]
[EventRounds "9"]
[EventCountry "GER"]
[SourceTitle "CBM 191 Extra"]
[Source "ChessBase"]
[SourceDate "2019.09.30"]
[SourceVersion "1"]
[SourceVersionDate "2019.09.30"]
[SourceQuality "1"]

1. d4 d5 2. Nf3 e6 3. Bf4 Nf6 4. e3 c5 5. c4 cxd4 6. exd4 dxc4 7. Bxc4 Bd6 8. Ne5 Qc7 9. Bb5+ Bd7 10. Nxd7 Nbxd7 11. Bxd6 Qxd6 12. Nc3 Nd5 13. 0-0 0-0 14. Ne4 Qf4 15. Qe2 Rfd8 16. g3 Qc7 17. Rac1 Qb6 18. Nc5 N7f6 19. a4 Nc7 20. Rfd1 Nxb5 21. axb5 Rd5 22. Rc2 Rad8 23. Rcd2 Qc7 24. Rc2 Qe7 25. Qf3 b6 26. Ne4 Nxe4 27. Qxe4 Qd7 28. Rdc1 h6 29. Rc7 Qxb5 30. Rxa7 Rxd4 31. Qf3 R4d7 32. Rcc7 Rxc7 33. Rxc7 Rd7 34. Rc8+ Kh7 35. Qe4+ g6 36. Qc2 Qd5 37. Qc3 Qd4 38. Qa3 Qd1+ 39. Kg2 Qd5+ 40. Kh3 Qf5+ 41. Kg2 Rd2 42. Qe3 Qd5+ 43. Kh3 Qh5+ 44. Kg2 Qd5+ 1/2-1/2

[Event "GER-ch U25-B"]
[Site "Willingen"]
[Date "2019.06.12"]
[Round "6"]
[White "Schilay, Maria"]
[Black "Borgmann, Simon"]
[Result "1/2-1/2"]
[WhiteElo "1415"]
[BlackElo "1583"]
[PlyCount "42"]
[EventDate "2019.06.08"]
[EventType "swiss"]
[EventRounds "9"]
[EventCountry "GER"]
[SourceTitle "CBM 191 Extra"]
[Source "ChessBase"]
[SourceDate "2019.09.30"]
[SourceVersion "1"]
[SourceVersionDate "2019.09.30"]
[SourceQuality "1"]

1. e4 d5 2. exd5 Qxd5 3. Nc3 Qa5 4. d4 c6 5. Nf3 Nf6 6. Bc4 Bf5 7. Ne5 e6 8. 0-0 Be7 9. Be3 0-0 10. a3 Qc7 11. f4 Nbd7 12. Bd3 Bxd3 13. Qxd3 Rfd8 14. Qe2 Nf8 15. Rad1 c5 16. dxc5 Bxc5 17. Bxc5 Qxc5+ 18. Kh1 Qb6 19. Qb5 Qxb5 20. Nxb5 Rxd1 21. Rxd1 Ne4 1/2-1/2

[Event "GER-ch U25-B"]
[Site "Willingen"]
[Date "2018.05.25"]
[Round "8"]
[White "Becker, Lukas"]
[Black "Schilay, Maria"]
[Result "1/2-1/2"]
[WhiteElo "1540"]
[BlackElo "1418"]
[PlyCount "44"]
[EventDate "2018.05.19"]
[EventType "swiss"]
[EventRounds "9"]
[EventCountry "GER"]
[SourceTitle "CBM 184 Extra"]
[Source "ChessBase"]
[SourceDate "2018.06.28"]
[SourceVersion "1"]
[SourceVersionDate "2018.06.28"]
[SourceQuality "1"]

1. e4 e5 2. Nf3 Nc6 3. d4 exd4 4. Nxd4 Bc5 5. Be3 Bb6 6. Nf5 Qf6 7. c3 Nge7 8. Bd3 d6 9. Bxb6 axb6 10. Ng3 Be6 11. 0-0 0-0 12. a3 Ne5 13. Be2 Rad8 14. f4 Nc4 15. Bxc4 Bxc4 16. Rf2 Nc6 17. Nd2 Ba6 18. Nh5 Qg6 19. f5 Qg5 20. Nf4 Ne5 21. Nf1 Ng4 22. Rf3 Ne5 1/2-1/2

[Event "GER-ch U25-B"]
[Site "Willingen"]
[Date "2018.05.24"]
[Round "7"]
[White "Schilay, Maria"]
[Black "Schelhorn, Paul"]
[Result "0-1"]
[WhiteElo "1418"]
[BlackElo "1752"]
[PlyCount "88"]
[EventDate "2018.05.19"]
[EventType "swiss"]
[EventRounds "9"]
[EventCountry "GER"]
[SourceTitle "CBM 184 Extra"]
[Source "ChessBase"]
[SourceDate "2018.06.28"]
[SourceVersion "1"]
[SourceVersionDate "2018.06.28"]
[SourceQuality "1"]

1. e4 e5 2. Nf3 Nc6 3. Nc3 Bb4 4. d3 d6 5. Be2 h6 6. Be3 Nf6 7. 0-0 Bxc3 8. bxc3 d5 9. exd5 Nxd5 10. Qd2 Bf5 11. Rad1 Qf6 12. h3 e4 13. dxe4 Bxe4 14. Nd4 Nxd4 15. Bxd4 Qg6 16. f3 Bxc2 17. Rc1 Bf5 18. Kh1 Be6 19. Rfe1 0-0 20. Bc4 Rfd8 21. Bb3 c6 22. Rcd1 Nc7 23. Qe3 Re8 24. Qf2 Nb5 25. c4 Nd6 26. Rc1 Nf5 27. Be5 Rad8 28. Bh2 Qg5 29. Rcd1 Rxd1 30. Rxd1 Nh4 31. Bg3 Nf5 32. Bh2 a5 33. Re1 Rd8 34. f4 Qf6 35. Bg1 Qc3 36. Rb1 Rd2 37. Qe1 Ng3+ 38. Kh2 Nf1+ 39. Kh1 Ng3+ 40. Kh2 Ne4 41. Kh1 Qd3 42. Bh2 Bxh3 43. Bg1 Bxg2+ 44. Kh2 Qh3# 0-1

[Event "GER-ch U25-B"]
[Site "Willingen"]
[Date "2018.05.20"]
[Round "2"]
[White "Fuchs, Florian1111"]
[Black "Schilay, Maria"]
[Result "0-1"]
[WhiteElo "1674"]
[BlackElo "1418"]
[PlyCount "60"]
[EventDate "2018.05.19"]
[EventType "swiss"]
[EventRounds "9"]
[EventCountry "GER"]
[SourceTitle "CBM 184 Extra"]
[Source "ChessBase"]
[SourceDate "2018.06.28"]
[SourceVersion "1"]
[SourceVersionDate "2018.06.28"]
[SourceQuality "1"]

1. e4 e5 2. Nc3 Nc6 3. g3 Nf6 4. Bg2 Be7 5. Nge2 d6 6. d3 Be6 7. Be3 Qd7 8. h3 0-0-0 9. d4 exd4 10. Nxd4 Rhe8 11. f4 g6 12. g4 Kb8 13. Qd3 Qc8 14. a4 Bd7 15. a5 a6 16. f5 Ne5 17. Qe2 c5 18. Nf3 Nxf3+ 19. Bxf3 Bc6 20. g5 Nd7 21. f6 Bf8 22. Rb1 Ne5 23. b4 Nxf3+ 24. Qxf3 cxb4 25. Rxb4 d5 26. Rb6 d4 27. Bf4+ Ka8 28. Qg4 dxc3 29. Qh4 Rxe4+ 30. Kf1 Rd1+ 0-1

[Event "GER-ch U25-B"]
[Site "Willingen"]
[Date "2018.05.20"]
[Round "1"]
[White "Schilay, Maria"]
[Black "Limberg, Thomas"]
[Result "1-0"]
[WhiteElo "1418"]
[BlackElo "1663"]
[PlyCount "87"]
[EventDate "2018.05.19"]
[EventType "swiss"]
[EventRounds "9"]
[EventCountry "GER"]
[SourceTitle "CBM 184 Extra"]
[Source "ChessBase"]
[SourceDate "2018.06.28"]
[SourceVersion "1"]
[SourceVersionDate "2018.06.28"]
[SourceQuality "1"]

1. e4 Nf6 2. Nc3 d5 3. exd5 Nxd5 4. Bc4 Nb6 5. Bb3 c5 6. d3 Nc6 7. Nf3 Bf5 8. Be3 Nd4 9. h3 e6 10. 0-0 Be7 11. Bxd4 cxd4 12. Ne2 Bf6 13. Ng3 Bg6 14. Re1 0-0 15. Ne5 Bxe5 16. Rxe5 Qd6 17. Re2 Nd5 18. Bxd5 Qxd5 19. Qd2 f6 20. a3 e5 21. Rae1 Rac8 22. Kh1 Qb5 23. b3 Rc7 24. Rc1 Rfc8 25. Ne4 Qd5 26. a4 Bh5 27. f3 Bf7 28. Qb4 a5 29. Qa3 Rc6 30. Qb2 f5 31. Nd2 Bg6 32. Nc4 e4 33. fxe4 fxe4 34. dxe4 Bxe4 35. Rd2 Rg6 36. Rg1 Qd7 37. Kh2 d3 38. cxd3 Bxd3 39. Ne5 Qc7 40. Rxd3 Re8 41. Re3 Rge6 42. Rge1 Qc5 43. R3e2 Qd6 44. Kh1 1-0

[Event "GER-chT U14 Girls"]
[Site "Neumuenster"]
[Date "2017.12.28"]
[Round "4.2"]
[White "Pflugradt, Natalie"]
[Black "Schilay, Maria"]
[Result "1/2-1/2"]
[WhiteElo "1470"]
[BlackElo "1375"]
[PlyCount "64"]
[EventDate "2017.12.26"]
[EventType "team-swiss"]
[EventRounds "7"]
[EventCountry "GER"]
[SourceTitle "CBM 182 Extra"]
[Source "ChessBase"]
[SourceDate "2018.02.23"]
[SourceVersion "1"]
[SourceVersionDate "2018.02.23"]
[SourceQuality "1"]
[WhiteTeam "Stadtilm Blau Weiss"]
[BlackTeam "Neumarkt"]
[WhiteTeamCountry "GER"]
[BlackTeamCountry "GER"]

1. e4 e5 2. Nf3 Nc6 3. Bc4 Nf6 4. d3 Be7 5. Nc3 d6 6. Be3 Bg4 7. Qd2 Qd7 8. 0-0-0 a6 9. h3 Be6 10. Bb3 Bxb3 11. axb3 a5 12. d4 Rd8 13. dxe5 Nxe5 14. Nxe5 dxe5 15. Qxd7+ Rxd7 16. Rxd7 Nxd7 17. Rd1 Bd6 18. Nb5 Ke7 19. Nxd6 cxd6 20. f3 Rc8 21. Rd5 b6 22. Kd2 f6 23. g3 Nc5 24. Bxc5 Rxc5 25. Rxc5 dxc5 26. Kd3 b5 27. Ke3 g5 28. g4 Kd6 29. Kd2 Kc6 30. Kc3 Kb6 31. Kd3 Kc6 32. c3 Kb6 1/2-1/2

[Event "GER-ch U25-B"]
[Site "Willingen"]
[Date "2017.06.10"]
[Round "9"]
[White "Schilay, Maria"]
[Black "Schoenweiler, Elisabeth"]
[Result "1-0"]
[WhiteElo "1408"]
[BlackElo "1247"]
[PlyCount "91"]
[EventDate "2017.06.04"]
[EventType "swiss"]
[EventRounds "9"]
[EventCountry "GER"]
[SourceTitle "CBM 178 Extra"]
[Source "ChessBase"]
[SourceDate "2017.06.22"]
[SourceVersion "1"]
[SourceVersionDate "2017.06.22"]
[SourceQuality "1"]

1. e4 e5 2. Nf3 Nc6 3. Nc3 Nf6 4. a3 d6 5. h3 Bd7 6. d4 exd4 7. Nxd4 a6 8. Nxc6 Bxc6 9. Bd3 Be7 10. 0-0 0-0 11. f4 Re8 12. Bd2 Bf8 13. Qf3 b5 14. Rae1 Qd7 15. Nd5 Bxd5 16. exd5 Rxe1 17. Rxe1 Re8 18. Rxe8 Qxe8 19. Bc3 Be7 20. g4 Qa8 21. Be4 Nxe4 22. Qxe4 Qd8 23. Kg2 h6 24. Qf5 Bf8 25. g5 hxg5 26. fxg5 Qe8 27. Kf2 Be7 28. h4 Qd8 29. Kf3 Qe8 30. h5 Bf8 31. g6 fxg6 32. hxg6 Be7 33. Qh5 Bf6 34. Qh7+ Kf8 35. Qh8+ Ke7 36. Qxe8+ Kxe8 37. Bxf6 gxf6 38. Kf4 Kf8 39. b4 Kg8 40. Kf5 Kg7 41. c3 Kg8 42. Kxf6 Kf8 43. g7+ Kg8 44. Kg6 a5 45. bxa5 b4 46. a6 1-0

[Event "GER-ch U25-B"]
[Site "Willingen"]
[Date "2017.06.04"]
[Round "2"]
[White "Schilay, Maria"]
[Black "Grone, Lion"]
[Result "1-0"]
[WhiteElo "1408"]
[BlackElo "1545"]
[PlyCount "55"]
[EventDate "2017.06.04"]
[EventType "swiss"]
[EventRounds "9"]
[EventCountry "GER"]
[SourceTitle "CBM 178 Extra"]
[Source "ChessBase"]
[SourceDate "2017.06.22"]
[SourceVersion "1"]
[SourceVersionDate "2017.06.22"]
[SourceQuality "1"]

1. e4 e6 2. Nc3 d5 3. Nf3 c5 4. d4 Nf6 5. e5 Nfd7 6. Bf4 Qb6 7. Rb1 a6 8. Be2 Nc6 9. dxc5 Bxc5 10. 0-0 Qc7 11. Re1 Ndxe5 12. Nxe5 Nxe5 13. Bxe5 Qb6 14. Bg3 Bd7 15. Bf3 0-0 16. Qd2 Rac8 17. a3 Qd8 18. Rbd1 b5 19. b4 Ba7 20. Rc1 Bb6 21. Be5 Bc7 22. Bxc7 Rxc7 23. Re3 Qf6 24. Bxd5 exd5 25. Nxd5 Qd8 26. Nxc7 Qxc7 27. Re7 Rd8 28. Rd1 1-0